Sons de l'album "Freestyle Covid Part. 3" de menace Santana. - Statistiques

Statistiques générales
  • Ce quiz a été pris 189 fois
  • Le résultat moyen est 13 sur 19
Statistiques - réponses
Numéro Titre % Correct
18 ??
100%
2 Le son avant l'intro
84%
1 Six
84%
3 Intro
83%
5 Maracuja
80%
12 Freestyle Covid 21
79%
6 Fanm Sé Dyab
77%
11 Freestyle Covid 20
76%
4 Freestyle CovIIID
73%
7 Uncensored
66%
15 Neuf
65%
9 Adrenalean
63%
8 This Is The Future
63%
10 Compton Most Wanted
61%
19 19 No Covid
59%
17 Shhh
58%
13 Ik Ga Je Dood Maken
57%
14 ChloroDrill
56%
16 EnAttendantFCP3
46%
Aucun quiz correspondant
Distribution des résultats
% des personnes avec chaque résultat
Percentile par nombre de réponses
Votre historique - résultats
Vous n’avez pas pris ce quiz